IV Encuentro Iberoamericano del Tercer Sector : hacia un nuevo contrato social para el siglo XXI /
Guardado en:
| Autor Corporativo: | |
|---|---|
| Otros Autores: | |
| Formato: | Libro |
| Idioma: | Undetermined |
| Publicado: |
Buenos Aires :
Comité Organizador del IV Encuentro Iberoamericano del Tercer Sector,
1998.
|
| Etiquetas: |
Agregar Etiqueta
Sin Etiquetas, Sea el primero en etiquetar este registro!
|
| LEADER | 01143nam a22001935a 4500 | ||
|---|---|---|---|
| 001 | EEA.libagro009907 | ||
| 005 | 20180621124125.0 | ||
| 008 | 140624s1998####ag############100#0#und#d | ||
| 020 | |a 9879752406 | ||
| 111 | 2 | |a Encuentro Iberoamericano del Tercer Sector |n (IV : |d 14 al 16 de septiembre de 1998 : |c Buenos Aires) | |
| 245 | 1 | 0 | |a IV Encuentro Iberoamericano del Tercer Sector : |b hacia un nuevo contrato social para el siglo XXI / |c dirección editorial Alicia Justo. |
| 260 | |a Buenos Aires : |b Comité Organizador del IV Encuentro Iberoamericano del Tercer Sector, |c 1998. | ||
| 300 | |a 4 v. : |b fot. col. ; |c 30 cm. | ||
| 505 | 0 | |a v. 1. Memoria -- v. 2. Conferencia magistral de Carlos Fuentes -- v. 3. Directorio -- v. 4. Reflexiones finales I / González Bombal y P. Krotsch. | |
| 700 | 1 | |a Justo, Alicia, |e dirección editorial. | |
| 859 | |a AR-BbBCA |b BIB. AGRONOMIA |h 301 |i E56 4 1998 |p 2000/3822 |v Vol. 1 |3 Vol. 1 | ||
| 859 | |a AR-BbBCA |b BIB. AGRONOMIA |h 301 |i E56 4 1998 |p 2000/3823 |v Vol. 2 |3 Vol. 2 | ||
| 859 | |a AR-BbBCA |b BIB. AGRONOMIA |h 301 |i E56 4 1998 |p 2000/3824 |v Vol. 3 |3 Vol. 3 | ||
| 859 | |a AR-BbBCA |b BIB. AGRONOMIA |h 301 |i E56 4 1998 |p 2000/3825 |v Vol. 4 |3 Vol. 4 | ||
